000 00711nam a2200229Ia 4500
003 OSt
005 20221005123442.0
006 a|||||r|||| 00| 0
007 ta
008 221004b |||||||| |||| 00| 0 eng d
024 _a57984
037 _cTextual
040 _aCRL
_cCRL
_beng
041 _2eng
_aeng
082 _aV2:21wL32, A.1-.2
245 0 _aLetters of a Hindoo Rajah
_b Written previous to and during the period of his residence in England to which is prefixed a preliminary dissertation on the history, religion and manners of the Hindoos
250 _a2nd
260 _c1870
650 _aHISTORY
942 _hV2:21wL32, A.1-.2
_cTEXL
_2cc
999 _c1047443
_d1047443